[Event "Mittelrhein Verbandsliga-N 17/18"]
[Site "Nordrheinwestfalen"]
[Date "2018.05.06"]
[Round "11.7"]
[White "Leichter, Gerhard"]
[Black "Tbaila, Ralph"]
[Result "1/2-1/2"]
[WhiteElo "1679"]
[BlackElo "1828"]
[PlyCount "87"]
[EventDate "2017.09.10"]
[EventType "team-swiss"]
[EventRounds "11"]
[EventCountry "GER"]
[SourceTitle "EXT 2022"]
[Source "ChessBase"]
[SourceDate "2021.10.06"]
[SourceVersion "1"]
[SourceVersionDate "2021.10.06"]
[SourceQuality "1"]
[WhiteTeam "Hitdorf SV Springer"]
[BlackTeam "Kalker/Deutzer SG"]
[WhiteTeamCountry "GER"]
[BlackTeamCountry "GER"]

1. d4 d5 2. c4 e6 3. Nf3 Nf6 4. Nc3 c5 5. e3 Nc6 6. Be2 b6 7. cxd5 exd5 8. Bb5 Qd6 9. Ne5 Bd7 10. Nxc6 Bxc6 11. dxc5 bxc5 12. Bxc6+ Qxc6 13. 0-0 Bd6 14. Qa4 Qxa4 15. Nxa4 0-0 16. b3 Rfd8 17. Ba3 c4 18. Bxd6 Rxd6 19. bxc4 dxc4 20. Rac1 Rc8 21. Rc2 Ne4 22. f3 Ra6 23. Nb2 Nd6 24. Rd1 f5 25. Rd4 c3 26. Nd3 Nb5 27. Rd5 Na3 28. Rc1 c2 29. Kf2 g6 30. Ke2 Nb1 31. Nb4 Re6 32. Rd3 a5 33. Nxc2 Rec6 34. Rxb1 Rxc2+ 35. Rd2 a4 36. Rb4 a3 37. Ra4 R8c3 38. Ra7 Rb2 39. e4 fxe4 40. fxe4 Rcc2 41. Rxc2 Rxc2+ 42. Kf3 Rxa2 43. e5 h5 44. h3 1/2-1/2

[Event "Mittelrhein Verbandsliga-N 17/18"]
[Site "Nordrheinwestfalen"]
[Date "2017.11.12"]
[Round "4.7"]
[White "Yang, Daniel"]
[Black "Leichter, Gerhard"]
[Result "0-1"]
[WhiteElo "1792"]
[BlackElo "1679"]
[PlyCount "78"]
[EventDate "2017.09.10"]
[EventType "team-swiss"]
[EventRounds "11"]
[EventCountry "GER"]
[SourceTitle "EXT 2022"]
[Source "ChessBase"]
[SourceDate "2021.10.06"]
[SourceVersion "1"]
[SourceVersionDate "2021.10.06"]
[SourceQuality "1"]
[WhiteTeam "Porz SG IV"]
[BlackTeam "Hitdorf SV Springer"]
[WhiteTeamCountry "GER"]
[BlackTeamCountry "GER"]

1. d4 d5 2. Nf3 Nf6 3. g3 e6 4. Bg2 c5 5. 0-0 Nc6 6. b3 cxd4 7. Nxd4 Be7 8. Bb2 0-0 9. Nd2 Nxd4 10. Bxd4 b6 11. c4 Bb7 12. Qc2 Rc8 13. Qb2 Ba8 14. Rfd1 Ne8 15. Be5 Bf6 16. cxd5 Bxe5 17. Qxe5 exd5 18. Nc4 Qf6 19. Bxd5 Qxe5 20. Nxe5 Bxd5 21. Rxd5 Nf6 22. Rdd1 Rfe8 23. f4 Ne4 24. Rac1 Nc3 25. Kf2 Nxd1+ 26. Rxd1 Rc2 27. Re1 Rxa2 28. Nc6 g6 29. Nd4 Rb2 30. Rd1 Rd8 31. Ke3 Rxb3+ 32. Ke4 f5+ 33. Ke5 Re3+ 34. Kf6 Rxe2 35. Rc1 Rd6+ 36. Kg5 Rxd4 37. Kf6 Rd6+ 38. Kg5 Rxh2 39. Rh1 h6# 0-1

[Event "Mittelrhein Verbandsliga-N 17/18"]
[Site "Nordrheinwestfalen"]
[Date "2017.10.22"]
[Round "3.8"]
[White "Leichter, Gerhard"]
[Black "Gutt, Stefan"]
[Result "0-1"]
[WhiteElo "1679"]
[BlackElo "1796"]
[PlyCount "68"]
[EventDate "2017.09.10"]
[EventType "team-swiss"]
[EventRounds "11"]
[EventCountry "GER"]
[SourceTitle "EXT 2022"]
[Source "ChessBase"]
[SourceDate "2021.10.06"]
[SourceVersion "1"]
[SourceVersionDate "2021.10.06"]
[SourceQuality "1"]
[WhiteTeam "Hitdorf SV Springer"]
[BlackTeam "Bergische SF"]
[WhiteTeamCountry "GER"]
[BlackTeamCountry "GER"]

1. d4 d5 2. c4 e6 3. Nf3 Nf6 4. Nc3 c6 5. e3 Nbd7 6. Be2 dxc4 7. Bxc4 b5 8. Bd3 Bb7 9. 0-0 Be7 10. b3 0-0 11. Bb2 a6 12. Rc1 c5 13. Qe2 Qb6 14. Rfd1 Rac8 15. e4 cxd4 16. Nxd4 Bc5 17. e5 Bxd4 18. exf6 Nxf6 19. Kf1 e5 20. f3 Rfe8 21. Bf5 Rcd8 22. Re1 Nh5 23. g3 Nf6 24. Rcd1 Bc6 25. Ne4 Nd5 26. Bc1 b4 27. Qc2 Nc3 28. Bxh7+ Kh8 29. Nxc3 Bxc3 30. Rxd8 Rxd8 31. Re3 Bd4 32. Re1 Bxf3 33. Qf5 Qb5+ 34. Qd3 g6 0-1

[Event "Mittelrhein Verbandsliga-N 17/18"]
[Site "Nordrheinwestfalen"]
[Date "2017.10.01"]
[Round "2.8"]
[White "Weiland, Herbert"]
[Black "Leichter, Gerhard"]
[Result "1/2-1/2"]
[WhiteElo "1672"]
[BlackElo "1679"]
[PlyCount "54"]
[EventDate "2017.09.10"]
[EventType "team-swiss"]
[EventRounds "11"]
[EventCountry "GER"]
[SourceTitle "EXT 2022"]
[Source "ChessBase"]
[SourceDate "2021.10.06"]
[SourceVersion "1"]
[SourceVersionDate "2021.10.06"]
[SourceQuality "1"]
[WhiteTeam "Rheinpark BSG"]
[BlackTeam "Hitdorf SV Springer"]
[WhiteTeamCountry "GER"]
[BlackTeamCountry "GER"]

1. d4 Nf6 2. c4 g6 3. Nc3 d5 4. e3 Bg7 5. Nf3 0-0 6. Be2 b6 7. 0-0 Bb7 8. Ne5 dxc4 9. Bxc4 e6 10. Qe2 Nbd7 11. Nxd7 Nxd7 12. Rd1 Qe7 13. e4 Rad8 14. Bf4 e5 15. dxe5 Nxe5 16. Nd5 Bxd5 17. Bxd5 c5 18. Rac1 Rfe8 19. Bb3 Rxd1+ 20. Rxd1 Rd8 21. Rd5 Nc6 22. Bg5 Bf6 23. Bxf6 Qxf6 24. Rxd8+ Qxd8 25. Qc4 Qe7 26. Qd5 Ne5 27. Bd1 Kg7 1/2-1/2

[Event "Mittelrhein Verbandsliga-N 17/18"]
[Site "Nordrheinwestfalen"]
[Date "2017.09.10"]
[Round "1.8"]
[White "Leichter, Gerhard"]
[Black "Juntermanns, Peter"]
[Result "1/2-1/2"]
[WhiteElo "1679"]
[BlackElo "1438"]
[PlyCount "40"]
[EventDate "2017.09.10"]
[EventType "team-swiss"]
[EventRounds "11"]
[EventCountry "GER"]
[SourceTitle "EXT 2022"]
[Source "ChessBase"]
[SourceDate "2021.10.06"]
[SourceVersion "1"]
[SourceVersionDate "2021.10.06"]
[SourceQuality "1"]
[WhiteTeam "Hitdorf SV Springer"]
[BlackTeam "Dormagen SV"]
[WhiteTeamCountry "GER"]
[BlackTeamCountry "GER"]

1. d4 Nf6 2. c4 d6 3. Nc3 g6 4. Nf3 Bg7 5. e4 0-0 6. Be2 c5 7. 0-0 cxd4 8. Nxd4 Nc6 9. Be3 Nxd4 10. Bxd4 e5 11. Be3 b6 12. Qd2 Qe7 13. Bg5 Bb7 14. Rad1 Rfd8 15. Qe3 Qf8 16. Rd2 h6 17. Bxf6 Bxf6 18. g3 Kg7 19. Rfd1 Bc6 20. Nd5 Bxd5 1/2-1/2

[Event "Mittelrhein Verbandsliga-M 16/17"]
[Site "Nordrheinwestfalen"]
[Date "2017.03.19"]
[Round "9.6"]
[White "Beyer, Stephan"]
[Black "Leichter, Gerhard"]
[Result "1/2-1/2"]
[WhiteElo "1723"]
[BlackElo "1711"]
[PlyCount "72"]
[EventDate "2016.09.11"]
[EventType "team-tourn"]
[EventRounds "11"]
[EventCountry "GER"]
[SourceTitle "EXT 2022"]
[Source "ChessBase"]
[SourceDate "2021.10.06"]
[SourceVersion "1"]
[SourceVersionDate "2021.10.06"]
[SourceQuality "1"]
[WhiteTeam "Koeln Muelheim"]
[BlackTeam "Hitdorf SV Springer"]
[WhiteTeamCountry "GER"]
[BlackTeamCountry "GER"]

1. e4 c5 2. f4 d6 3. Nf3 Nc6 4. d4 cxd4 5. Nxd4 Nf6 6. Nc3 e6 7. Bb5 Bd7 8. Be3 Be7 9. 0-0 0-0 10. Kh1 a6 11. Bd3 Nb4 12. Be2 Rc8 13. a3 Nc6 14. Bd3 e5 15. Nxc6 Bxc6 16. Rc1 exf4 17. Rxf4 g6 18. Bd4 Nh5 19. Rf3 Bg5 20. Be3 Bxe3 21. Rxe3 Qg5 22. Re1 f5 23. Bc4+ Kg7 24. Qxd6 Nf4 25. g3 Nh3 26. Bf1 Nf2+ 27. Kg1 fxe4 28. Qd4+ Kh6 29. Qe3 Qxe3 30. Rxe3 Ng4 31. Re2 Rce8 32. Bg2 e3 33. Bxc6 bxc6 34. Rf1 Rxf1+ 35. Kxf1 Rf8+ 36. Kg2 Rf2+ 1/2-1/2

[Event "Mittelrhein Verbandsliga-M 16/17"]
[Site "Nordrheinwestfalen"]
[Date "2017.01.29"]
[Round "7.6"]
[White "Gutt, Oswald"]
[Black "Leichter, Gerhard"]
[Result "1/2-1/2"]
[WhiteElo "1867"]
[BlackElo "1711"]
[PlyCount "80"]
[EventDate "2016.09.11"]
[EventType "team-tourn"]
[EventRounds "11"]
[EventCountry "GER"]
[SourceTitle "EXT 2022"]
[Source "ChessBase"]
[SourceDate "2021.10.06"]
[SourceVersion "1"]
[SourceVersionDate "2021.10.06"]
[SourceQuality "1"]
[WhiteTeam "Bergische SF"]
[BlackTeam "Hitdorf SV Springer"]
[WhiteTeamCountry "GER"]
[BlackTeamCountry "GER"]

1. c4 Nf6 2. g3 g6 3. Bg2 Bg7 4. Nf3 0-0 5. 0-0 d5 6. d4 b6 7. Ne5 Bb7 8. Nc3 c6 9. b3 Nbd7 10. f4 e6 11. Ba3 Re8 12. Rc1 Rc8 13. e3 Bf8 14. Bxf8 Rxf8 15. g4 a6 16. g5 Ne8 17. cxd5 cxd5 18. Qg4 Nd6 19. Qh3 Nf5 20. Ng4 Qe7 21. Nh6+ Kh8 22. Nxf5 exf5 23. Nxd5 Bxd5 24. Bxd5 f6 25. Rc6 Rxc6 26. Bxc6 fxg5 27. Bxd7 Qxd7 28. fxg5 Rc8 29. Qg3 Qe7 30. Qf4 Rc2 31. d5 Rd2 32. Rc1 Rxd5 33. Rc8+ Kg7 34. Rc7 Rd7 35. Qd4+ Rxd4 36. Rxe7+ Kf8 37. Rxh7 Rd1+ 38. Kg2 Rd2+ 39. Kg3 Rxa2 40. Kf4 Ra5 1/2-1/2

[Event "Mittelrhein Verbandsliga-M 16/17"]
[Site "Nordrheinwestfalen"]
[Date "2016.11.27"]
[Round "4.7"]
[White "Arlt, Klaus"]
[Black "Leichter, Gerhard"]
[Result "1-0"]
[WhiteElo "1997"]
[BlackElo "1711"]
[PlyCount "47"]
[EventDate "2016.09.11"]
[EventType "team-tourn"]
[EventRounds "11"]
[EventCountry "GER"]
[SourceTitle "EXT 2022"]
[Source "ChessBase"]
[SourceDate "2021.10.06"]
[SourceVersion "1"]
[SourceVersionDate "2021.10.06"]
[SourceQuality "1"]
[WhiteTeam "Koeln Ford SF"]
[BlackTeam "Hitdorf SV Springer"]
[WhiteTeamCountry "GER"]
[BlackTeamCountry "GER"]

1. c4 Nf6 2. Nc3 g6 3. Nf3 Bg7 4. d4 d5 5. Bg5 dxc4 6. e3 0-0 7. Bxc4 b6 8. 0-0 Bb7 9. Ne5 Nc6 10. f4 Nxe5 11. fxe5 Ne4 12. Nxe4 Bxe4 13. Qb3 c6 14. Rxf7 Bd5 15. Rxf8+ Bxf8 16. Bxd5+ Qxd5 17. Qxd5+ cxd5 18. Rc1 Kf7 19. Rc6 Ke8 20. e6 h6 21. Bf4 Kd8 22. Rc7 Rc8 23. Rd7+ Ke8 24. Rxa7 1-0

[Event "Mittelrhein Verbandsliga-M 1112"]
[Site "Germany"]
[Date "2012.03.18"]
[Round "8.6"]
[White "Koenner, Martin"]
[Black "Leichter, Gerhard"]
[Result "1/2-1/2"]
[WhiteElo "1960"]
[BlackElo "1671"]
[PlyCount "84"]
[EventDate "2011.09.18"]
[EventType "team-tourn"]
[EventRounds "11"]
[EventCountry "GER"]
[SourceTitle "EXT 2013"]
[Source "ChessBase"]
[SourceDate "2012.11.22"]
[SourceVersion "1"]
[SourceVersionDate "2012.11.22"]
[SourceQuality "1"]
[WhiteTeam "Rheinpark BSG"]
[BlackTeam "Hitdorf SV Springer"]
[WhiteTeamCountry "GER"]
[BlackTeamCountry "GER"]

1. e4 c5 2. Nf3 d6 3. d4 cxd4 4. Nxd4 Nf6 5. Nc3 e6 6. Be2 Be7 7. 0-0 0-0 8. f4 a6 9. Kh1 b5 10. e5 dxe5 11. fxe5 Nd5 12. Nxd5 exd5 13. Bd3 Be6 14. Qh5 g6 15. Nxe6 gxh5 16. Nxd8 Rxd8 17. Rf5 Nd7 18. Rxh5 Nf8 19. Bh6 Ng6 20. Rf1 Bf8 21. Bg5 Re8 22. Bf6 Bg7 23. g3 Rac8 24. c3 Bxf6 25. exf6 Rcd8 26. Rg5 Re3 27. Bxg6 fxg6 28. Rg4 Re4 29. Rgf4 Kf7 30. Kg2 g5 31. Rf5 h6 32. h3 Rd6 33. Rd1 Re2+ 34. Rf2 Rxf2+ 35. Kxf2 Rxf6+ 36. Ke3 Ke6 37. a4 bxa4 38. Ra1 Ke5 39. Rxa4 Rb6 40. b4 Rc6 41. Kd3 Rf6 42. Ke3 Rc6 1/2-1/2

[Event "Mittelrhein Verbandsliga-M 1112"]
[Site "Germany"]
[Date "2011.10.09"]
[Round "2.8"]
[White "Schmidt, Kai Uwe"]
[Black "Leichter, Gerhard"]
[Result "1/2-1/2"]
[WhiteElo "1974"]
[BlackElo "1671"]
[PlyCount "97"]
[EventDate "2011.09.18"]
[EventType "team-tourn"]
[EventRounds "11"]
[EventCountry "GER"]
[SourceTitle "EXT 2013"]
[Source "ChessBase"]
[SourceDate "2012.11.22"]
[SourceVersion "1"]
[SourceVersionDate "2012.11.22"]
[SourceQuality "1"]
[WhiteTeam "Koeln SF II"]
[BlackTeam "Hitdorf SV Springer"]
[WhiteTeamCountry "GER"]
[BlackTeamCountry "GER"]

1. d4 Nf6 2. c4 g6 3. Nc3 Bg7 4. e4 d6 5. Be2 0-0 6. Bg5 Nc6 7. d5 Ne5 8. h3 Ned7 9. Nf3 h6 10. Be3 e5 11. Qc2 Nh5 12. g3 Nhf6 13. g4 Nh7 14. Qd2 a6 15. Bxh6 b5 16. cxb5 axb5 17. Bxb5 Ba6 18. Bxa6 Rxa6 19. b3 Qb8 20. Bxg7 Kxg7 21. h4 Rh8 22. g5 Nc5 23. Rc1 Qb4 24. Qe2 Rha8 25. Kf1 c6 26. Nd2 Qd4 27. Rh3 cxd5 28. Nb5 Qb2 29. Rb1 Qxa2 30. exd5 Rb6 31. Nc3 Qc2 32. Nc4 Qxe2+ 33. Nxe2 Rba6 34. b4 Ne4 35. f3 Ra1 36. Rc1 Rxc1+ 37. Nxc1 Nc3 38. Ke1 Nxd5 39. Nxd6 Ra1 40. Kd2 Nxb4 41. f4 exf4 42. Rb3 Ra4 43. Ne2 Nc6 44. Rb7 Ne5 45. Rb8 Nc4+ 46. Nxc4 Rxc4 47. Kd3 Ra4 48. Nd4 Ra7 49. Ke4 1/2-1/2